THE BIBLE IN THE CHURCH; (Record no. 6503)
[ view plain ]
| 000 -LEADER | |
|---|---|
| fixed length control field | 00473nam a22001457a 4500 |
| 005 - DATE AND TIME OF LATEST TRANSACTION | |
| control field | 20250614162638.0 |
| 008 - FIXED-LENGTH DATA ELEMENTS--GENERAL INFORMATION | |
| fixed length control field | 250614b |||||||| |||| 00| 0 eng d |
| 020 ## - INTERNATIONAL STANDARD BOOK NUMBER | |
| International Standard Book Number | 0801096278 |
| 050 ## - LIBRARY OF CONGRESS CALL NUMBER | |
| Classification number | BS445 |
| Item number | WES |
| 100 ## - MAIN ENTRY--PERSONAL NAME | |
| Personal name | WESTCOTT BROOKE FOSS |
| 245 ## - TITLE STATEMENT | |
| Title | THE BIBLE IN THE CHURCH; |
| Remainder of title | A POPULAR ACCOUNT OF THE COLLECTION AND RECEPTION OF THE HOLY SCRIPTURES IN THE CHRISTIAN CHURCHES |
| 260 ## - PUBLICATION, DISTRIBUTION, ETC. | |
| Place of publication, distribution, etc. | MICHIGAN |
| Name of publisher, distributor, etc. | BAKER BOOK HOUSE |
| Date of publication, distribution, etc. | c1979 |
| 300 ## - PHYSICAL DESCRIPTION | |
| Extent | xxiii, 316p |
| 942 ## - ADDED ENTRY ELEMENTS (KOHA) | |
| Source of classification or shelving scheme | Library of Congress Classification |
| Koha item type | Books |
| Suppress in OPAC | No |
| 999 ## - | |
| -- | 6503 |
| -- | 6503 |
| Withdrawn status | Lost status | Source of classification or shelving scheme | Damaged status | Not for loan | Collection | Home library | Current library | Shelving location | Date acquired | Total checkouts | Full call number | Barcode | Date last seen | Copy number | Price effective from | Koha item type |
|---|---|---|---|---|---|---|---|---|---|---|---|---|---|---|---|---|
| Library of Congress Classification | Non-fiction | Undergraduate Library (Christ Temple) | Undergraduate Library (Christ Temple) | General stacks | 06/14/2025 | BS445 WES | ulct00003316 | 06/14/2025 | 1 | 06/14/2025 | Books |